000 00506 a2200193 4500
005 20260512163137.0
008 260512b |||||||| |||| 00| 0 eng d
020 _a9789389178784
_cRs. 299.00
040 _aMAIN
082 _a181.45
_bV837C
100 _aVivekananda Swami
245 _aSwami Vivekananda: The essential collection
260 _bFingerprint publishing
_aNew Delhi
_c2024
300 _a432
650 _aYoga
650 _aIndian Origin
650 _aHindu Philosophy
942 _cBK
999 _c395789
_d395789